[Event "IECG CP.1999.P.00033"]
[Site "IECG email"]
[Date "1999.10.01"]
[Round "?"]
[White "Garay, Luis M"]
[Black "Koltygin, Dmitriy"]
[Result "1-0"]
[WhiteElo "2271"]
[BlackElo "1900"]
[PlyCount "67"]
[EventDate "1999.10.01"]
[EventType "tourn (corr)"]
[EventRounds "6"]
[EventCountry "GER"]
[SourceTitle "Corr 2008"]
[Source "ChessBase"]
[SourceDate "2008.06.24"]
[SourceVersion "1"]
[SourceVersionDate "2008.06.24"]
[SourceQuality "1"]

1. e4 c5 2. Nf3 g6 3. h4 Bg7 4. h5 d6 5. d4 Bg4 6. Bc4 e6 7. dxc5 Qa5+ 8. c3 dxc5 9. Qb3 Qc7 10. h6 Bf6 11. Nh2 Bh5 12. g4 Bxg4 13. Nxg4 Nc6 14. Be3 0-0-0 15. Na3 a6 16. Bxc5 Ne5 17. Bb6 Qc6 18. Bd5 exd5 19. Nxe5 Bxe5 20. Bxd8 Kxd8 21. exd5 Qc7 22. 0-0-0 Bd6 23. Kb1 Ne7 24. Nc4 Nf5 25. Nxd6 Nxd6 26. Qb4 Kc8 27. c4 a5 28. Qc3 Rd8 29. Qg7 f5 30. c5 Ne4 31. d6 Qxg7 32. hxg7 Kd7 33. Rxh7 Rg8 34. Re1 1-0

[Event "IECG CP.1999.P.00033"]
[Site "IECG email"]
[Date "1999.10.01"]
[Round "?"]
[White "Koltygin, Dmitriy"]
[Black "Medveski, Mike"]
[Result "0-1"]
[WhiteElo "1900"]
[BlackElo "1474"]
[PlyCount "87"]
[EventDate "1999.10.01"]
[EventType "tourn (corr)"]
[EventRounds "6"]
[EventCountry "GER"]
[SourceTitle "Corr 2008"]
[Source "ChessBase"]
[SourceDate "2008.06.24"]
[SourceVersion "1"]
[SourceVersionDate "2008.06.24"]
[SourceQuality "1"]

1. e4 c6 2. d4 d5 3. e5 Bf5 4. Nf3 e6 5. Be2 c5 6. Be3 Qb6 7. Nc3 Nc6 8. 0-0 Qxb2 9. Nb5 0-0-0 10. dxc5 d4 11. Nfxd4 Bxc5 12. c3 Nge7 13. Qb3 Qxb3 14. axb3 Bxd4 15. Bxd4 Kb8 16. Bxa7+ Nxa7 17. Rxa7 Nc6 18. Ra4 Nxe5 19. f4 Nc6 20. Rfa1 Kc8 21. Bf3 Kd7 22. Na7 Rb8 23. Nxc6 bxc6 24. Ra7+ Kd6 25. b4 Bc2 26. R1a6 Rhc8 27. Rxf7 g5 28. Ra2 Bb3 29. Rd2+ Bd5 30. c4 Rxb4 31. cxd5 cxd5 32. fxg5 Rg8 33. Rxh7 Rxg5 34. h4 Rg6 35. h5 Rf6 36. Ra7 Rb6 37. Ra3 Rb7 38. Ra6+ Ke7 39. Re2 Rb1+ 40. Kh2 Rb4 41. Kh3 Rb3 42. Kh4 Rf4+ 43. Bg4 Rbb4 44. Rexe6+ 0-1

[Event "IECG L1.1999.0.00005 email"]
[Site "IECG email"]
[Date "1999.09.06"]
[Round "?"]
[White "Keevil, Paul"]
[Black "Koltygin, Dmitriy"]
[Result "1-0"]
[WhiteElo "1980"]
[BlackElo "1900"]
[PlyCount "45"]
[EventDate "1999.09.06"]
[EventType "tourn (corr)"]
[EventRounds "14"]
[SourceTitle "Corr 2008"]
[Source "ChessBase"]
[SourceDate "2008.06.24"]
[SourceVersion "1"]
[SourceVersionDate "2008.06.24"]
[SourceQuality "1"]

1. Nf3 Nf6 2. g3 g6 3. d4 Bg7 4. Bg2 0-0 5. 0-0 d6 6. c4 Nbd7 7. Nc3 e5 8. dxe5 dxe5 9. Qb3 c6 10. Rd1 Qe7 11. Ng5 h6 12. Nge4 Nxe4 13. Nxe4 Nf6 14. Nxf6+ Qxf6 15. Be3 Qe7 16. Rd2 f5 17. f4 exf4 18. Bxf4 Re8 19. Re1 Be6 20. Red1 Qf7 21. Qc2 Bf8 22. b3 Bd6 23. Rxd6 1-0

[Event "IECG L1.1999.0.00005 email"]
[Site "IECG email"]
[Date "1999.09.06"]
[Round "?"]
[White "Wodniczak, Arkadiusz"]
[Black "Koltygin, Dmitriy"]
[Result "1-0"]
[WhiteElo "2100"]
[BlackElo "1900"]
[PlyCount "37"]
[EventDate "1999.09.06"]
[EventType "tourn (corr)"]
[EventRounds "14"]
[SourceTitle "Corr 2008"]
[Source "ChessBase"]
[SourceDate "2008.06.24"]
[SourceVersion "1"]
[SourceVersionDate "2008.06.24"]
[SourceQuality "1"]

1. d4 Nf6 2. c4 g6 3. Nc3 Bg7 4. e4 d6 5. f3 0-0 6. Be3 e5 7. Nge2 c6 8. Qd2 Nbd7 9. Rd1 a6 10. Nc1 b5 11. dxe5 Nxe5 12. cxb5 Nc4 13. Bxc4 axb5 14. Bb3 Ne8 15. Bf4 Qa5 16. Bxd6 Nxd6 17. Qxd6 Bxc3+ 18. bxc3 Qxc3+ 19. Kf2 1-0

[Event "IECG Q1.1999.0.00086"]
[Site "IECG email"]
[Date "1999.??.??"]
[Round "?"]
[White "Koltygin, Dmitriy"]
[Black "Betita, Joeffrey"]
[Result "1-0"]
[WhiteElo "1900"]
[BlackElo "1800"]
[PlyCount "55"]
[EventDate "1999.08.04"]
[EventType "tourn (corr)"]
[EventRounds "6"]
[SourceTitle "Corr 2008"]
[Source "ChessBase"]
[SourceDate "2008.06.24"]
[SourceVersion "1"]
[SourceVersionDate "2008.06.24"]
[SourceQuality "1"]

1. e4 e6 2. Nf3 c5 3. d4 cxd4 4. Nxd4 Nf6 5. Nc3 Nc6 6. Ndb5 Bc5 7. Nd6+ Bxd6 8. Qxd6 Qa5 9. Bd3 e5 10. a3 Ng4 11. h3 Nf6 12. b4 Qd8 13. Nb5 Qe7 14. Nc7+ Kd8 15. Qxe7+ Kxe7 16. Nxa8 d5 17. exd5 Nxd5 18. c4 Nf6 19. Bb2 Be6 20. Nc7 Rd8 21. Nxe6 fxe6 22. Rd1 Nd4 23. 0-0 Kf7 24. Rfe1 Nc6 25. Bxe5 a6 26. Bxf6 gxf6 27. Be4 Ke7 28. Bxc6 1-0